<?xml version="1.0" encoding="UTF-8"?>
<record
    xmlns:xsi="http://www.w3.org/2001/XMLSchema-instance"
    xsi:schemaLocation="http://www.loc.gov/MARC21/slim http://www.loc.gov/standards/marcxml/schema/MARC21slim.xsd"
    xmlns="http://www.loc.gov/MARC21/slim">

  <leader>01047nam a2200217 i 4500</leader>
  <controlfield tag="001">78149</controlfield>
  <controlfield tag="003">BD-RjUL</controlfield>
  <controlfield tag="005">20211209083108.0</controlfield>
  <controlfield tag="008">011029s1938    su            000 0 ara d</controlfield>
  <datafield tag="035" ind1=" " ind2=" ">
    <subfield code="a">(BD-RjUL)78375</subfield>
  </datafield>
  <datafield tag="040" ind1=" " ind2=" ">
    <subfield code="e">rda</subfield>
    <subfield code="d">UkOxU</subfield>
    <subfield code="a">BD-RjUL</subfield>
    <subfield code="b">eng</subfield>
    <subfield code="c">BD-RjUL</subfield>
  </datafield>
  <datafield tag="041" ind1=" " ind2=" ">
    <subfield code="a">ara</subfield>
  </datafield>
  <datafield tag="082" ind1=" " ind2=" ">
    <subfield code="2">23</subfield>
    <subfield code="a">297.126</subfield>
    <subfield code="b">BAk 1358h</subfield>
  </datafield>
  <datafield tag="100" ind1="1" ind2=" ">
    <subfield code="a"> &#x627;&#x644;&#x628;&#x63A;&#x62F;&#x627;&#x62F;&#x64A;&#x60C; &#x623;&#x628;&#x648; &#x628;&#x643;&#x631; &#x623;&#x62D;&#x645;&#x62F; &#x628;&#x646; &#x639;&#x644;&#x64A;.;;Baghd&#x101;d&#x12B;, Ab&#x16B; Bakr A&#x1E25;mad ibn &#x2BF;Al&#x12B;,</subfield>
    <subfield code="e">author.</subfield>
    <subfield code="9">246650</subfield>
  </datafield>
  <datafield tag="245" ind1="1" ind2="0">
    <subfield code="a">  &#x643;&#x62A;&#x627;&#x628; &#x627;&#x644;&#x643;&#x641;&#x627;&#x64A;&#x629; &#x641;&#x64A; &#x639;&#x644;&#x645; &#x627;&#x644;&#x631;&#x648;&#x627;&#x64A;&#x629;  ;; Kit&#x101;b al-Kif&#x101;yah f&#x12B; &#x2BF;ilm al-riw&#x101;yah /</subfield>
    <subfield code="c"> &#x623;&#x628;&#x64A; &#x628;&#x643;&#x631; &#x623;&#x62D;&#x645;&#x62F; &#x628;&#x646; &#x639;&#x644;&#x64A; &#x628;&#x646; &#x62B;&#x627;&#x628;&#x62A; &#x627;&#x644;&#x645;&#x639;&#x631;&#x648;&#x641; &#x628;&#x627;&#x644;&#x62E;&#x637;&#x64A;&#x628; &#x627;&#x644;&#x628;&#x63A;&#x62F;&#x627;&#x62F;&#x64A;  ;; Ab&#x12B; Bakr A&#x1E25;mad ibn &#x2BF;Al&#x12B; ibn Th&#x101;bit al-ma&#x2BF;r&#x16B;f bi-al-Kha&#x1E6D;&#x12B;b al-Baghd&#x101;d&#x12B;.</subfield>
  </datafield>
  <datafield tag="264" ind1=" " ind2="1">
    <subfield code="a">al-Mad&#x12B;nah al-Munawwarah :</subfield>
    <subfield code="b">al-Maktabah al-&#x2BB;Ilm&#x12B;yah,</subfield>
    <subfield code="c">1358 = 1935</subfield>
  </datafield>
  <datafield tag="300" ind1=" " ind2=" ">
    <subfield code="a">451, 5, 4 pages ;</subfield>
    <subfield code="c">23 cm</subfield>
  </datafield>
  <datafield tag="650" ind1=" " ind2="0">
    <subfield code="a">Hadith</subfield>
    <subfield code="x">Evidences, authority, etc.</subfield>
    <subfield code="9">246651</subfield>
  </datafield>
  <datafield tag="942" ind1=" " ind2=" ">
    <subfield code="2">ddc</subfield>
    <subfield code="c">BK</subfield>
  </datafield>
  <datafield tag="999" ind1=" " ind2=" ">
    <subfield code="c">78149</subfield>
    <subfield code="d">78149</subfield>
  </datafield>
  <datafield tag="952" ind1=" " ind2=" ">
    <subfield code="0">0</subfield>
    <subfield code="1">0</subfield>
    <subfield code="2">ddc</subfield>
    <subfield code="4">0</subfield>
    <subfield code="7">1</subfield>
    <subfield code="8">NFIC</subfield>
    <subfield code="a">RUCL</subfield>
    <subfield code="b">RUCL</subfield>
    <subfield code="c">Reading</subfield>
    <subfield code="d">1973-10-13</subfield>
    <subfield code="e">Quran Manjil , Rajshahi</subfield>
    <subfield code="g">14.00</subfield>
    <subfield code="l">0</subfield>
    <subfield code="o">A 297.126 BAK 1358[h]</subfield>
    <subfield code="r">2021-03-28 00:00:00</subfield>
    <subfield code="t">C-1</subfield>
    <subfield code="w">2021-12-09</subfield>
    <subfield code="y">BK</subfield>
  </datafield>
</record>
